Propuesta de una estructura organizacional para la pulpería Chacón

El presente documento integra una estructura organizativa de la empresa Pulpería Chacón ubicada en Nindirí, específicamente en la comarca Los Vanegas, de la terminal de autobuses 262, 300 metros al sur. Este negocio ha funcionado desde sus inicios sin una organización que permita definir los pu...

Full description

Bibliographic Details
Main Authors: Ojeda Suárez, Orlando Moisés, Martínez Morales, René Armando
Other Authors: Tutor: Torrez Mercado, Ronald
Format: Tesis Section = Libro
Language:Undetermined
Spanish
Published: Managua UNI 2014
Subjects:
LEADER 01301nam a2200265Ia 4500
008 240830s9999 xx 000 0 und d
040 |a BIBLIOTECA-RUPAP T.Mon 658.402 O39 
041 |a spa 
082 |a T.Mon 658.402 O39 
100 1 |a Ojeda Suárez, Orlando Moisés 
100 1 |b  Martínez Morales, René Armando 
245 1 0 |a Propuesta de una estructura organizacional para la pulpería Chacón 
260 |a Managua  |b UNI  |c 2014 
300 |a 93 p. :il. 
500 |a Contiene: anexos e Incluye: CD. 
502 |a Tesis (Ingeniero de Sistemas)- UNI, 2014. 
520 3 |a El presente documento integra una estructura organizativa de la empresa Pulpería Chacón ubicada en Nindirí, específicamente en la comarca Los Vanegas, de la terminal de autobuses 262, 300 metros al sur. Este negocio ha funcionado desde sus inicios sin una organización que permita definir los puestos de trabajo y sus respectivas funciones ni establecer un organigrama que aclare los niveles jerárquicos de autoridad como de responsabilidad. 
650 7 |a ORGANIZACIÓN ADMINISTRATIVA 
650 7 |b ADMINISTRACION INDUSTRIAL 
650 7 |c ANÁLISIS FODA 
650 7 |d ESTRUCTURA ORGANIZACIONAL - ORGANIGRAMA 
700 1 |a Tutor:  |b Torrez Mercado, Ronald 
942 |c BK  |2 ddc 
991 |a TESIS 
999 |c 18623